000 00607nam a2200229Ia 4500
003 OSt
005 20220928150114.0
006 a|||||r|||| 00| 0
007 ta
008 220927b |||||||| |||| 00| 0 eng d
024 _a87797
037 _cTextual
040 _aSDCL
_cSDCL
_beng
041 _2eng
_aeng
082 _aO-,3M191:g, K21
100 _aMumford Lewis
_9442959
245 0 _aHerman Melville
_b A study of his life and vision.
260 _c1962
650 _aMelville Herman
_9515275
942 _hO-,3M191:g, K21
_cTEXL
_2CC
999 _c839777
_d839777